[Event "Vidnoe DSI 7th"]
[Site "Vidnoe"]
[Date "2010.10.23"]
[Round "4"]
[White "Zherebtsov, Dmitry"]
[Black "Semynin, Stanislav"]
[Result "1/2-1/2"]
[WhiteElo "1996"]
[BlackElo "1930"]
[PlyCount "50"]
[EventDate "2010.10.23"]
[EventType "swiss"]
[EventRounds "5"]
[EventCountry "RUS"]
[SourceTitle "EXT 2022"]
[Source "ChessBase"]
[SourceDate "2021.10.06"]
[SourceVersion "1"]
[SourceVersionDate "2021.10.06"]
[SourceQuality "1"]

1. e4 c6 2. d4 d6 3. Bc4 d5 4. Bd3 dxe4 5. Bxe4 Nf6 6. Bf3 Bf5 7. Ne2 e6 8. Bf4 Bd6 9. 0-0 0-0 10. c3 Bxf4 11. Nxf4 Qd6 12. Ne2 Nbd7 13. Ng3 Bg6 14. Nd2 Rfe8 15. Re1 Rad8 16. Nde4 Qc7 17. Nxf6+ Nxf6 18. Qe2 Rd7 19. Ne4 Nxe4 20. Bxe4 Bxe4 21. Qxe4 c5 22. dxc5 Qxc5 23. Rad1 Red8 24. Rxd7 Rxd7 25. h3 Qd6 1/2-1/2